Score 0/26 Timer 03:00
1 Play Today
Hint 4-letter word % Correct
► It's on top of the house ►ROOF
99%
Peruse a bookREAD
96.2%
StreetROAD
96%
It grows into a plantSEED
96%
Part of an oboe or clarinetREED
94.9%
Lacking moneyPOOR
94.4%
Pig meatPORK
94.1%
New ____ (state and large city)YORK
94.1%
Caught sight ofSEEN
93.9%
Dispense liquidPOUR
93.3%
Top of a mountainPEAK
93.1%
► Where the brain is ►HEAD
92.6%
Passage into a roomDOOR
92.4%
Hint 4-letter word % Correct
What a bird uses to peckBEAK
92.2%
► Belonging to you ►YOUR
91.8%
Job benefitPERK
91.5%
You cook food in thisOVEN
90.8%
Necklace componentBEAD
90.7%
CrucifixROOD
89.9%
► Above ►OVER
89.2%
Scandinavian given nameSVEN
88.3%
One who achieves thingsDOER
87.1%
Kevin's nickname (Baseman for the Sox)YOUK
84.7%
At any timeEVER
79.5%
____ Mak'er (Led Zeppelin song)D'YER
68.6%
Someone who looksEYER
68.5%

Today's Daily Dose

Missing Word
'D' in Video Games

Word Ladder
Lent Begins

Get the Picture
Antz or A Bug's Life?

You're not logged in!

Compare scores with friends on all Sporcle quizzes.
OR
Log In

Sporcle TV

Today on Sporcle TV


Watch our educational content, quiz creation guides, and fun videos on Sporcle TV.

Show Comments

Extras

Top Quizzes Today


Score Distribution

Paid Content

Your Account Isn't Verified!

In order to create a playlist on Sporcle, you need to verify the email address you used during registration. Go to your Sporcle Settings to finish the process.

Report this User

Report this user for behavior that violates our Community Guidelines.

Details: